000 00941nas a2200313 4500
001 BR0803342
003 BR-BrBNA
005 20231205112257.0
007 ta
008 230509b bl.|||p| |||| 00| 00por d
040 _aBR-BrBNA
_bpor
_cBiblioteca Nacional de Agricultura
041 _a(Pt)
072 _aH60
100 1 _aConcenço, G.
100 1 _aLopes, N.F.
100 1 _aAndres, A.
100 1 _aSantos, M.Q.
100 1 _aRieffel Filho, J.A.
100 1 _aGarcia, C.A.N.
245 1 _aEmergência e crescimento inicial de plantas de arroz e capim-arroz em função do nível de umidade no solo
650 _aARROZ IRRIGADO
650 _aCAPIM ARROZ
650 _aPOTENCIAL HÍDRICO
650 _aEMERGÊNCIA
650 _aUMIDADE DO SOLO
773 0 _tPlanta Daninha (Brazil)
_xISSN 0100-8358
_g(Jul-Sep 2007), v. 25(3) p. 457-463
_wBR0803342
909 _a202311
_bLúcia
_c55
_dLúcia Elande
942 _2AGRIS
_n0
_cANA
999 _c197142
_d197142